| 000 | nam a22 7a 4500 | ||
|---|---|---|---|
| 999 |
_c331560 _d331560 |
||
| 003 | NUST | ||
| 005 | 20171004115901.0 | ||
| 008 | 171004b xxu||||| |||| 00| 0 eng d | ||
| 040 | _cNUST | ||
| 082 | _a302.23 | ||
| 100 |
_aQureshi,Abdullah, Mehmood,Ahsan, & Haider,Mahum _95215 |
||
| 245 | _aFeature film: world left behind | ||
| 260 |
_aIslamabad _c2015 |
||
| 942 |
_2ddc _cTH |
||